00338 2200145 4500245004700000250001100047100002700058650001600085650001700101005001900118260001800137041001400155084001400169336000900183 aAutobiograficWijdan Nagata AryagunahText aCet. 1 aWijdan Nagata Aryaguna aKarya Siswa aAutobiografi a20250520114957 aJakartac2025 aIndonesia a081 WIJ a atext